[Event "IECC CL5-2005.01 email"]
[Site "IECC email"]
[Date "2005.01.18"]
[Round "?"]
[White "Padsha, Syed"]
[Black "Reinders, Johanneke"]
[Result "1/2-1/2"]
[WhiteElo "1484"]
[BlackElo "1607"]
[PlyCount "46"]
[EventDate "2005.??.??"]
[EventType "tourn (corr)"]
[EventRounds "4"]
[SourceTitle "Corr 2015"]
[Source "ChessBase"]
[SourceDate "2015.07.17"]
[SourceVersion "1"]
[SourceVersionDate "2015.07.17"]
[SourceQuality "1"]

1. e4 c5 2. Nf3 d6 3. d4 cxd4 4. Nxd4 Nf6 5. Nc3 a6 6. Bc4 e6 7. 0-0 b5 8. Bd3 Bb7 9. a3 Be7 10. f4 0-0 11. Be3 Nbd7 12. Qf3 Qc7 13. Rfd1 Nb6 14. Bf2 Rac8 15. Ra2 Rfe8 16. Nde2 e5 17. Ng3 Nc4 18. Nf5 Bf8 19. Bh4 Qb6+ 20. Bf2 Qc7 21. Bh4 Qb6+ 22. Bf2 Qc7 23. Bh4 Qb6+ 1/2-1/2

[Event "IECC M-5166"]
[Site "IECC email"]
[Date "2004.11.30"]
[Round "?"]
[White "Padsha, Syed"]
[Black "Tortorice, Scott D"]
[Result "1-0"]
[WhiteElo "1423"]
[BlackElo "1337"]
[PlyCount "51"]
[EventDate "2004.??.??"]
[EventType "tourn (corr)"]
[EventRounds "10"]
[SourceTitle "Corr 2020"]
[Source "ChessBase"]
[SourceDate "2019.09.30"]
[SourceVersion "1"]
[SourceVersionDate "2019.09.30"]
[SourceQuality "1"]
[WhiteTeam "Canada"]
[BlackTeam "United States"]
[WhiteTeamCountry "CAN"]
[BlackTeamCountry "USA"]

1. e4 e5 2. Nf3 Nc6 3. Bc4 Nf6 4. Ng5 d5 5. exd5 Na5 6. Bb5+ c6 7. dxc6 bxc6 8. Qf3 Rb8 9. Bd3 h6 10. Ne4 Nd5 11. Be2 Be7 12. d4 Qd6 13. Nxd6+ Bxd6 14. dxe5 Bxe5 15. Qe4 f6 16. f4 0-0 17. fxe5 fxe5 18. Rf1 Rxf1+ 19. Bxf1 Bd7 20. Qa4 Nb4 21. Na3 Bf5 22. Qxa5 Bxc2 23. Qxe5 Rd8 24. Bc4+ Kh7 25. Bxh6 gxh6 26. Qe7+ 1-0

[Event "IECC M-5166"]
[Site "IECC email"]
[Date "2004.11.30"]
[Round "?"]
[White "Tortorice, Scott D"]
[Black "Padsha, Syed"]
[Result "0-1"]
[WhiteElo "1325"]
[BlackElo "1474"]
[PlyCount "72"]
[EventDate "2004.??.??"]
[EventType "tourn (corr)"]
[EventRounds "10"]
[SourceTitle "Corr 2020"]
[Source "ChessBase"]
[SourceDate "2019.09.30"]
[SourceVersion "1"]
[SourceVersionDate "2019.09.30"]
[SourceQuality "1"]
[WhiteTeam "United States"]
[BlackTeam "Canada"]
[WhiteTeamCountry "USA"]
[BlackTeamCountry "CAN"]

1. e4 e5 2. Nf3 Nf6 3. Nc3 Nc6 4. d4 exd4 5. Nxd4 Bb4 6. Nxc6 bxc6 7. Bd3 d5 8. exd5 Qe7+ 9. Qe2 cxd5 10. Qxe7+ Kxe7 11. 0-0 c5 12. Nb5 a6 13. c3 Ba5 14. Na3 Be6 15. c4 d4 16. f3 Nd7 17. Rf2 Ne5 18. Be4 Rad8 19. Bd2 Bxd2 20. Rxd2 g5 21. Re1 Kf6 22. g3 Rhe8 23. b3 Bf5 24. Kg2 h5 25. Bxf5 Kxf5 26. Nc2 g4 27. fxg4+ hxg4 28. Rf1+ Kg5 29. h4+ gxh3+ 30. Kxh3 Ng4 31. Kg2 d3 32. Rfd1 dxc2 33. Rxd8 Rxd8 34. Rc1 Rd2+ 35. Kf3 f5 36. a3 Rf2# 0-1

[Event "IECC M-5162"]
[Site "IECC email"]
[Date "2004.11.22"]
[Round "?"]
[White "Padsha, Syed"]
[Black "Pizzoni, Richard"]
[Result "1-0"]
[WhiteElo "1361"]
[BlackElo "1275"]
[PlyCount "51"]
[EventDate "2004.??.??"]
[EventType "tourn (corr)"]
[EventRounds "10"]
[SourceTitle "Corr 2020"]
[Source "ChessBase"]
[SourceDate "2019.09.30"]
[SourceVersion "1"]
[SourceVersionDate "2019.09.30"]
[SourceQuality "1"]
[WhiteTeam "Canada"]
[BlackTeam "United States"]
[WhiteTeamCountry "CAN"]
[BlackTeamCountry "USA"]

1. e4 e5 2. Nf3 Nf6 3. d4 Nxe4 4. Bd3 d5 5. Nxe5 Nd7 6. 0-0 Nxe5 7. dxe5 Nc5 8. Be3 Nxd3 9. Qxd3 Be7 10. f4 g6 11. Rd1 c6 12. c4 0-0 13. cxd5 Bf5 14. Qb3 cxd5 15. Nc3 Rc8 16. Nxd5 Kg7 17. Qxb7 Bc5 18. Bxc5 Rxc5 19. b4 Bc8 20. Qa8 Rc2 21. Qxa7 Qh4 22. Rf1 Bh3 23. gxh3 Rd8 24. Ne3 Rxh2 25. Kxh2 Rd2+ 26. Ng2 1-0